[Event "Chigorin Memorial 21st"]
[Site "St Petersburg"]
[Date "2013.10.10"]
[Round "6"]
[White "Tugarin, Anton"]
[Black "Kazantsev, Nikita"]
[Result "1-0"]
[WhiteElo "2188"]
[BlackElo "1999"]
[PlyCount "81"]
[EventDate "2013.10.05"]
[EventType "swiss"]
[EventRounds "9"]
[EventCountry "RUS"]
[SourceTitle "CBM 156 Extra"]
[Source "ChessBase"]
[SourceDate "2013.10.22"]
[SourceVersion "1"]
[SourceVersionDate "2013.10.22"]
[SourceQuality "1"]

1. d4 Nf6 2. Bg5 c5 3. Bxf6 gxf6 4. d5 d6 5. Nd2 Bg7 6. e3 Bf5 7. c3 0-0 8. Ne2 e6 9. Ng3 Bg6 10. h4 h6 11. h5 Bh7 12. Qb3 Qe7 13. Bc4 Re8 14. 0-0 f5 15. Bd3 Kh8 16. a4 Nd7 17. a5 Nf6 18. c4 Ng4 19. Nf3 Ne5 20. Nxe5 Bxe5 21. f4 Rg8 22. Rf3 Qh4 23. Nf1 Qxh5 24. Rf2 Bf6 25. Qxb7 Rab8 26. Qxa7 Rxb2 27. Rxb2 Bxb2 28. Ra2 Bc3 29. Qb7 e5 30. a6 e4 31. Qb3 Bf6 32. Be2 Qg6 33. Bd1 Ra8 34. Qb7 Qg8 35. Ba4 Rb8 36. Qc6 Bg6 37. a7 Ra8 38. Qxa8 Qxa8 39. Bc6 Qg8 40. a8Q Bd8 41. Qc8 1-0

[Event "Chigorin Memorial 21st"]
[Site "St Petersburg"]
[Date "2013.10.09"]
[Round "5"]
[White "Kazantsev, Nikita"]
[Black "Malova, Anna"]
[Result "1-0"]
[WhiteElo "1999"]
[BlackElo "1817"]
[PlyCount "45"]
[EventDate "2013.10.05"]
[EventType "swiss"]
[EventRounds "9"]
[EventCountry "RUS"]
[SourceTitle "CBM 156 Extra"]
[Source "ChessBase"]
[SourceDate "2013.10.22"]
[SourceVersion "1"]
[SourceVersionDate "2013.10.22"]
[SourceQuality "1"]

1. e4 d6 2. d4 Nf6 3. Nc3 e5 4. Nf3 Nbd7 5. Bc4 Be7 6. 0-0 0-0 7. a4 a5 8. h3 c6 9. Be3 h6 10. Qe2 Qc7 11. Rad1 Re8 12. Nh4 exd4 13. Bxd4 Nc5 14. e5 Nd5 15. exd6 Qxd6 16. Nxd5 cxd5 17. Bxc5 Qxc5 18. Rxd5 Qc7 19. Re5 Be6 20. Rxe6 fxe6 21. Bxe6+ Kh8 22. Ng6+ Kh7 23. Qe4 1-0

[Event "Chigorin Memorial 21st"]
[Site "St Petersburg"]
[Date "2013.10.08"]
[Round "4"]
[White "Suleymanyants, Odisey"]
[Black "Kazantsev, Nikita"]
[Result "1-0"]
[WhiteElo "2262"]
[BlackElo "1999"]
[PlyCount "76"]
[EventDate "2013.10.05"]
[EventType "swiss"]
[EventRounds "9"]
[EventCountry "RUS"]
[SourceTitle "CBM 156 Extra"]
[Source "ChessBase"]
[SourceDate "2013.10.22"]
[SourceVersion "1"]
[SourceVersionDate "2013.10.22"]
[SourceQuality "1"]

1. d4 Nf6 2. c4 g6 3. Nf3 Bg7 4. e3 0-0 5. Be2 d6 6. 0-0 c6 7. a3 Qc7 8. Nbd2 Nbd7 9. b4 e5 10. dxe5 dxe5 11. e4 Rd8 12. Bb2 Nh5 13. g3 Nf8 14. c5 Bh3 15. Re1 Be6 16. Qc2 Re8 17. Ng5 Nf6 18. Nc4 Bxc4 19. Bxc4 Re7 20. Rad1 h6 21. Nf3 Nh5 22. Rd6 Qc8 23. Nh4 Bf6 24. Nxg6 Nxg6 25. Be2 Nxg3 26. hxg3 Bg5 27. Qb3 Kh7 28. Bc4 Qg4 29. Be2 Qxe4 30. Qd1 Rae8 31. Bd3 Qxe1+ 32. Qxe1 e4 33. Qc3 f6 34. Be2 e3 35. f4 Bxf4 36. gxf4 Nxf4 37. Bd3+ Kg8 38. Qxf6 Ne6 1-0

[Event "Chigorin Memorial 21st"]
[Site "St Petersburg"]
[Date "2013.10.07"]
[Round "3"]
[White "Kazantsev, Nikita"]
[Black "Sadovsky, Artem"]
[Result "0-1"]
[WhiteElo "1999"]
[BlackElo "2263"]
[PlyCount "78"]
[EventDate "2013.10.05"]
[EventType "swiss"]
[EventRounds "9"]
[EventCountry "RUS"]
[SourceTitle "CBM 156 Extra"]
[Source "ChessBase"]
[SourceDate "2013.10.22"]
[SourceVersion "1"]
[SourceVersionDate "2013.10.22"]
[SourceQuality "1"]

1. e4 b6 2. d4 e6 3. Nc3 Bb7 4. Be3 Bb4 5. Bd3 Nf6 6. f3 d5 7. e5 Nfd7 8. a3 Be7 9. Nce2 c5 10. c3 Ba6 11. Bb1 Nc6 12. f4 Rc8 13. Nf3 Na5 14. 0-0 cxd4 15. cxd4 Qc7 16. f5 Qc4 17. fxe6 fxe6 18. Ng3 Qb3 19. Re1 Qxd1 20. Rxd1 Nb3 21. Ra2 Bc4 22. Bd3 b5 23. Bxc4 bxc4 24. Nd2 Nb6 25. Ne2 Na4 26. Nc1 Rb8 27. Ne2 Kd7 28. Nb1 Na5 29. Bc1 Nb3 30. Nbc3 Nxc3 31. Nxc3 Na5 32. a4 Nc6 33. Nb5 a6 34. Nd6 Nb4 35. Ra1 Nd3 36. Be3 Nxb2 37. Re1 c3 38. Bc1 Nd3 39. Rd1 c2 0-1

[Event "Ischia op 5th"]
[Site "Ischia"]
[Date "2013.07.21"]
[Round "8"]
[White "Georgiev, Vladimir"]
[Black "Kazantsev, Nikita"]
[Result "1-0"]
[WhiteElo "2544"]
[BlackElo "1951"]
[PlyCount "61"]
[EventDate "2013.07.14"]
[EventType "swiss"]
[EventRounds "8"]
[EventCountry "ITA"]
[SourceTitle "EXT 2015"]
[Source "ChessBase"]
[SourceDate "2014.11.20"]
[SourceVersion "1"]
[SourceVersionDate "2014.11.20"]
[SourceQuality "1"]

1. d4 Nf6 2. c4 g6 3. Nc3 Bg7 4. e4 0-0 5. Nf3 d6 6. h3 c5 7. d5 e6 8. Bd3 exd5 9. exd5 Re8+ 10. Be3 Nh5 11. 0-0 h6 12. Qd2 Kh7 13. g4 Nf6 14. Bf4 h5 15. Ng5+ Kg8 16. f3 a6 17. a4 Nh7 18. Rae1 Bd7 19. gxh5 Nxg5 20. Bxg5 f6 21. Bf4 g5 22. Rxe8+ Bxe8 23. Bg3 Bxh5 24. Ne4 b5 25. Nxd6 bxc4 26. Bf5 Nd7 27. Be6+ Kh8 28. h4 gxh4 29. Qh2 f5 30. Bxh4 Be5 31. Bg3 1-0

[Event "Satka Summer op"]
[Site "Satka"]
[Date "2013.07.09"]
[Round "9"]
[White "Kazantsev, Nikita"]
[Black "Leolko, Ljudmila"]
[Result "1-0"]
[WhiteElo "1951"]
[BlackElo "1792"]
[PlyCount "75"]
[EventDate "2013.07.02"]
[EventType "swiss"]
[EventRounds "9"]
[EventCountry "RUS"]
[SourceTitle "EXT 2014"]
[Source "ChessBase"]
[SourceDate "2013.11.20"]
[SourceVersion "1"]
[SourceVersionDate "2013.11.20"]
[SourceQuality "1"]

1. e4 c5 2. Nf3 d6 3. d4 cxd4 4. Nxd4 Nf6 5. Nc3 g6 6. Be3 Bg7 7. f3 Nc6 8. Qd2 Qa5 9. g4 Bxg4 10. fxg4 Nxg4 11. Nb3 Qh5 12. Bf4 e5 13. Bg3 0-0-0 14. Be2 f5 15. Nd5 Qh3 16. Qc3 f4 17. Ne7+ Kd7 18. Nxc6 bxc6 19. Bxf4 Qxc3+ 20. bxc3 exf4 21. Bxg4+ Kc7 22. Nd4 Rhe8 23. 0-0-0 Bxd4 24. Rxd4 Re5 25. h4 h6 26. Rf1 Rf8 27. Rfd1 Rf6 28. Bf3 g5 29. Rh1 Re7 30. hxg5 hxg5 31. Ra4 Kb7 32. Kd2 Rg6 33. Rb4+ Kc7 34. Bg4 c5 35. Ra4 Kb7 36. Rb1+ Kc6 37. Ra6+ Kc7 38. Rxa7+ 1-0

[Event "Satka Summer op"]
[Site "Satka"]
[Date "2013.07.07"]
[Round "6"]
[White "Soldatenkov, Anton"]
[Black "Kazantsev, Nikita"]
[Result "0-1"]
[WhiteElo "1796"]
[BlackElo "1951"]
[PlyCount "150"]
[EventDate "2013.07.02"]
[EventType "swiss"]
[EventRounds "9"]
[EventCountry "RUS"]
[SourceTitle "EXT 2014"]
[Source "ChessBase"]
[SourceDate "2013.11.20"]
[SourceVersion "1"]
[SourceVersionDate "2013.11.20"]
[SourceQuality "1"]

1. e4 e5 2. Nf3 Nc6 3. Bc4 Bc5 4. d3 d6 5. c3 Nf6 6. Nbd2 0-0 7. h3 d5 8. Bb3 Be6 9. 0-0 h6 10. Re1 Re8 11. Qe2 Nh5 12. Nf1 dxe4 13. dxe4 Bxb3 14. axb3 Qf6 15. b4 Bb6 16. b5 Ne7 17. g3 Qe6 18. Kh2 Nf6 19. Be3 Ng6 20. Bxb6 Qxb6 21. Ne3 Rad8 22. Nc4 Qxb5 23. Rxa7 Qc6 24. Ra5 b6 25. Raa1 b5 26. Na5 Qb6 27. b4 Ra8 28. Nb3 Rxa1 29. Rxa1 Nxe4 30. Qxe4 Qxf2+ 31. Kh1 Qxg3 32. Qg4 Qf2 33. Nbd2 Rd8 34. Ne4 Qe3 35. Rg1 h5 36. Qf5 Qf4 37. Qxf4 exf4 38. Rg5 Rd3 39. Kg2 Re3 40. Ned2 Rxc3 41. Rxb5 Rc2 42. Rxh5 Rb2 43. Rb5 c5 44. Rxc5 Rxb4 45. Rc8+ Nf8 46. Ne5 Rb2 47. Rd8 g6 48. Kf3 Kg7 49. h4 Rb5 50. Ndc4 Rb3+ 51. Rd3 Rb4 52. Nd6 f5 53. Ne8+ Kh7 54. Nf6+ Kg7 55. Nd5 Re4 56. Nc6 Ne6 57. Ra3 g5 58. hxg5 Nxg5+ 59. Kf2 f3 60. Re3 Rc4 61. Ncb4 Rh4 62. Nd3 Rh2+ 63. Kf1 Ne4 64. Nf2 Rxf2+ 65. Ke1 Rd2 66. Rxe4 f2+ 67. Kf1 fxe4 68. Ne3 Ra2 69. Ng4 Kg6 70. Nxf2 Kf5 71. Ke1 Kf4 72. Nd1 Kf3 73. Nc3 Ra1+ 74. Kd2 e3+ 75. Kd3 Ra3 0-1

[Event "Satka Summer op"]
[Site "Satka"]
[Date "2013.07.04"]
[Round "3"]
[White "Ivanov, Stepan"]
[Black "Kazantsev, Nikita"]
[Result "1-0"]
[WhiteElo "2021"]
[BlackElo "1951"]
[PlyCount "79"]
[EventDate "2013.07.02"]
[EventType "swiss"]
[EventRounds "9"]
[EventCountry "RUS"]
[SourceTitle "EXT 2014"]
[Source "ChessBase"]
[SourceDate "2013.11.20"]
[SourceVersion "1"]
[SourceVersionDate "2013.11.20"]
[SourceQuality "1"]

1. d4 Nf6 2. c4 g6 3. g3 Bg7 4. Bg2 0-0 5. Nc3 d6 6. Nf3 Nc6 7. 0-0 Bf5 8. a3 Ne4 9. Nd5 e5 10. Be3 Na5 11. Rc1 c6 12. Nb4 b5 13. cxb5 cxb5 14. dxe5 Nc4 15. Nd4 dxe5 16. Nxf5 gxf5 17. Qxd8 Rfxd8 18. g4 Nxe3 19. fxe3 Bh6 20. Bxe4 Bxe3+ 21. Kg2 fxe4 22. Rc7 Bf4 23. e3 Rd2+ 24. Kh1 Rxh2+ 25. Kg1 Bg3 26. Nd5 f5 27. Ne7+ Kh8 28. Nxf5 Rf8 29. Nxg3 Rxf1+ 30. Kxh2 Rf2+ 31. Kh3 Rxb2 32. Nf5 h6 33. Rxa7 b4 34. axb4 Rxb4 35. Nxh6 Rb2 36. Nf5 Rf2 37. Kh4 Rc2 38. Kh5 Rc6 39. g5 Re6 40. Ra8+ 1-0

[Event "Voronezh op-B 17th"]
[Site "Voronezh"]
[Date "2013.06.17"]
[Round "7"]
[White "Kazantsev, Nikita"]
[Black "Pranizina, Alina"]
[Result "1-0"]
[WhiteElo "1951"]
[BlackElo "1767"]
[PlyCount "99"]
[EventDate "2013.06.12"]
[EventType "swiss"]
[EventRounds "9"]
[EventCountry "RUS"]
[SourceTitle "EXT 2014"]
[Source "ChessBase"]
[SourceDate "2013.11.20"]
[SourceVersion "1"]
[SourceVersionDate "2013.11.20"]
[SourceQuality "1"]

1. e4 e5 2. Nf3 Nf6 3. Bc4 Nxe4 4. Nc3 Nc6 5. 0-0 Nxc3 6. dxc3 Be7 7. Qd5 0-0 8. Nxe5 Nxe5 9. Qxe5 Bf6 10. Qg3 g6 11. Bh6 Bg7 12. Bg5 Bf6 13. Bxf6 Qxf6 14. Qxc7 Qc6 15. Qf4 d5 16. Bb3 Be6 17. Rad1 Rfd8 18. h3 a5 19. a4 b6 20. Rd4 Rd7 21. Rfd1 Rad8 22. Qh6 Qc5 23. Rh4 f5 24. Rhd4 Qc6 25. h4 Rd6 26. h5 Bf7 27. Qg5 Qc7 28. Qg3 Qe7 29. c4 g5 30. cxd5 Bxh5 31. f3 Qe3+ 32. Qf2 Qxf2+ 33. Kxf2 Bf7 34. c4 Kg7 35. Bc2 Kf6 36. R4d2 h5 37. b4 axb4 38. Rb1 f4 39. Rxb4 g4 40. Be4 Bg6 41. Bxg6 Kxg6 42. Rdb2 g3+ 43. Kf1 Kf5 44. Rxb6 R6d7 45. R2b4 h4 46. d6 Ke6 47. c5 Rh8 48. Re4+ Kf6 49. Rbb4 Rf7 50. c6 1-0

[Event "Voronezh op-B 17th"]
[Site "Voronezh"]
[Date "2013.06.16"]
[Round "5"]
[White "Kazantsev, Nikita"]
[Black "Moiseenko, Andrey"]
[Result "1-0"]
[WhiteElo "1951"]
[BlackElo "1725"]
[PlyCount "77"]
[EventDate "2013.06.12"]
[EventType "swiss"]
[EventRounds "9"]
[EventCountry "RUS"]
[SourceTitle "EXT 2014"]
[Source "ChessBase"]
[SourceDate "2013.11.20"]
[SourceVersion "1"]
[SourceVersionDate "2013.11.20"]
[SourceQuality "1"]

1. e4 c5 2. Nf3 d6 3. d4 cxd4 4. Nxd4 Nf6 5. Nc3 g6 6. Be3 Bg7 7. Be2 0-0 8. Qd2 Nc6 9. 0-0-0 Ng4 10. Bxg4 Bxg4 11. f3 Bd7 12. h4 Ne5 13. b3 Rc8 14. Kb1 Re8 15. Nce2 h5 16. Bh6 a5 17. Bxg7 Kxg7 18. g4 Rh8 19. gxh5 Rxh5 20. Ng3 Rh7 21. f4 Nc6 22. f5 Qh8 23. fxg6 fxg6 24. Nxc6 Bxc6 25. Rdf1 Rf8 26. Qg5 Rf6 27. h5 Be8 28. hxg6 Bxg6 29. Rxh7+ Qxh7 30. Rh1 Qg8 31. Nh5+ Kf7 32. Nxf6 exf6 33. Qd5+ Kf8 34. Qxd6+ Kg7 35. e5 Qf7 36. e6 Qe8 37. Qd7+ Kg8 38. Rg1 f5 39. Qxe8+ 1-0

[Event "Voronezh op-B 17th"]
[Site "Voronezh"]
[Date "2013.06.14"]
[Round "3"]
[White "Kazantsev, Nikita"]
[Black "Sadovsky, Artem"]
[Result "0-1"]
[WhiteElo "1951"]
[BlackElo "2142"]
[PlyCount "80"]
[EventDate "2013.06.12"]
[EventType "swiss"]
[EventRounds "9"]
[EventCountry "RUS"]
[SourceTitle "EXT 2014"]
[Source "ChessBase"]
[SourceDate "2013.11.20"]
[SourceVersion "1"]
[SourceVersionDate "2013.11.20"]
[SourceQuality "1"]

1. e4 g6 2. d4 c6 3. Nc3 Bg7 4. Nf3 d5 5. h3 dxe4 6. Nxe4 Nd7 7. Bd3 Ngf6 8. Nxf6+ Nxf6 9. 0-0 0-0 10. c4 Qc7 11. Qe2 Re8 12. Ne5 Nd7 13. f4 c5 14. Be3 cxd4 15. Bxd4 Nxe5 16. Bxe5 Bxe5 17. Qxe5 Qxe5 18. fxe5 Be6 19. b3 Rac8 20. Be4 b6 21. Rad1 Rc5 22. Bd5 Bxd5 23. Rxd5 Rxd5 24. cxd5 Rc8 25. Rf4 Rc1+ 26. Kf2 Rd1 27. Rc4 Rxd5 28. Rc7 Rxe5 29. Rxa7 Ra5 30. Rxe7 Rxa2+ 31. Kf3 Rb2 32. Re3 Kg7 33. g3 Kf6 34. g4 Rh2 35. Kf4 Rf2+ 36. Kg3 Rd2 37. Kf4 Rd4+ 38. Kf3 h6 39. Kg3 Rb4 40. Kf3 Kg5 0-1